[Event "London Classic Open 2015"]
[Site "London ENG"]
[Date "2015.12.05"]
[Round "2.51"]
[White "Fodor, Tamas Jr."]
[Black "Niccoli, Tony"]
[Result "1-0"]
[WhiteTitle "GM"]
[WhiteElo "2492"]
[BlackElo "2009"]
[WhiteFideId "723762"]
[BlackFideId "432946"]
[EventDate "2015.12.04"]

1. d4 d5 2. Bf4 Nf6 3. e3 c5 4. Nc3 e6 5. Nf3 cxd4 6. exd4 Bd6 7. Bg5 h6 8. Bh4
Nc6 9. a3 O-O 10. Bd3 Re8 11. O-O Be7 12. Rb1 Nh7 13. Bg3 Bd6 14. Ne5 Nxe5 15.
dxe5 Be7 16. Nb5 Bd7 17. Nd4 Qb6 18. Kh1 Bc5 19. Nb3 Bb5 20. f4 Bxd3 21. Qxd3 f5
22. Be1 Rac8 23. h3 Qc7 24. g4 g6 25. Bc3 Kh8 26. Rbd1 Rg8 27. Rd2 Qf7 28. Qg3
Nf8 29. Rxd5 b6 30. Rd3 Kh7 31. Kh2 g5 32. fxg5 Rxg5 33. Bd2 Rg6 34. Qf3 Qg7 35.
gxf5 Qxe5+ 36. Kh1 exf5 37. Bc3 Qe4 38. Nxc5 Qxf3+ 39. Rdxf3 bxc5 40. Rxf5 Kg8
41. Rf7 Re8 42. R1f2 Ne6 43. R7f6 Kh7 44. Rf7+ Kg8 45. R2f6 Rg3 46. Kh2 Rxh3+
47. Kxh3 Ng5+ 48. Kh4 Nxf7 49. Rc6 Re2 50. Rxc5 Rxc2 51. Rc8+ Kh7 52. Rc7 Kg6
53. Rxa7 Ng5 54. Ra6+ Kf5 55. Rf6+ Ke4 56. Rxh6 Rg2 57. Kh5 Nf7 58. Rf6 Nd8 59.
a4 Kd5 60. Rb6 Nc6 61. a5 Rg8 62. b4 Na7 63. Rb7 Ra8 64. Be1 Nc6 65. Rb5+ Kd6
66. Rb6 Kc7 67. Bc3 Rd8 68. b5 Na7 69. Be5+ Kc8 70. Rb8+ Kd7 71. Rxd8+ Kxd8 72.
b6 Kc8 73. a6 1-0

[Event "London Classic Open 2015"]
[Site "London ENG"]
[Date "2015.12.05"]
[Round "2.52"]
[White "Guo, Emma"]
[Black "Kjartansson, Gudmundur"]
[Result "0-1"]
[WhiteTitle "WIM"]
[BlackTitle "IM"]
[WhiteElo "2050"]
[BlackElo "2477"]
[WhiteFideId "3200795"]
[BlackFideId "2301318"]
[EventDate "2015.12.04"]

1. d4 Nf6 2. c4 e6 3. g3 c5 4. Nf3 cxd4 5. Nxd4 d5 6. Bg2 e5 7. Nf3 d4 8. O-O
Nc6 9. e3 Be7 10. exd4 exd4 11. Bf4 O-O 12. Nbd2 Nh5 13. Nxd4 Nxf4 14. Nxc6 bxc6
15. gxf4 Qd4 16. Qe2 Bd6 17. Ne4 Bxf4 18. Ng3 Be6 19. b3 Rac8 20. Rad1 Qc5 21.
Rd3 Rfe8 22. Re1 Qa5 23. Kf1 Kf8 24. Rdd1 Qg5 25. Qc2 Kg8 26. Qe2 g6 27. Ne4 Qh4
28. Qf3 h5 29. Nd6 Bxd6 30. Rxd6 Qxh2 31. Rxc6 h4 32. Rxc8 Rxc8 33. Rxe6 fxe6
34. Qf6 Kh7 35. Qf7+ Kh6 36. Qxe6 Rf8 37. Qe3+ Rf4 38. c5 Qg3 39. Kg1 Qxe3 40.
fxe3 Rf7 41. b4 g5 42. b5 Rf5 43. b6 axb6 44. cxb6 Rb5 45. b7 g4 46. a4 Rb1+ 47.
Kh2 Rb2 48. a5 h3 49. a6 Rxg2+ 50. Kh1 Rb2 51. a7 Rb1+ 52. Kh2 Rb2+ 53. Kg3 Kg5 0-1

[Event "London Classic Open 2015"]
[Site "London ENG"]
[Date "2015.12.05"]
[Round "2.53"]
[White "Compton, Alistair"]
[Black "Galyas, Miklos"]
[Result "0-1"]
[BlackTitle "IM"]
[WhiteElo "2061"]
[BlackElo "2465"]
[WhiteFideId "4300645"]
[BlackFideId "707244"]
[EventDate "2015.12.04"]

1. e4 d6 2. d4 Nf6 3. Nc3 c6 4. Nf3 Bg4 5. Be2 e6 6. O-O Be7 7. Be3 O-O 8. Nd2
Bxe2 9. Qxe2 d5 10. e5 Nfd7 11. f4 c5 12. dxc5 Nxc5 13. Rad1 Nc6 14. Nde4 Nxe4
15. Nxe4 Qa5 16. Ng3 Qxa2 17. f5 Qc4 18. Qxc4 dxc4 19. f6 gxf6 20. exf6 Bd8 21.
Bh6 Bb6+ 22. Kh1 Rfd8 23. Rde1 Rd4 24. Rxe6 Rh4 25. Nf5 fxe6 26. Nxh4 Kf7 27. g4
c3 28. bxc3 Ne5 29. h3 a5 30. Bc1 a4 31. Ba3 Nc4 32. Nf3 Be3 33. Bb2 Nxb2 34.
Ne5+ Ke8 35. f7+ Ke7 36. Nd7 Bh6 0-1

[Event "London Classic Open 2015"]
[Site "London ENG"]
[Date "2015.12.05"]
[Round "2.55"]
[White "Burke, John S"]
[Black "Beinoras, Mindaugas"]
[Result "1/2-1/2"]
[BlackTitle "IM"]
[WhiteElo "2049"]
[BlackElo "2344"]
[WhiteFideId "404322"]
[BlackFideId "12802085"]
[EventDate "2015.12.04"]

1. d4 d5 2. Nf3 Nf6 3. e3 c6 4. c4 e6 5. Nbd2 a6 6. Bd3 Nbd7 7. b3 Bd6 8. Bb2
Qe7 9. Ne5 Ba3 10. Bxa3 Qxa3 11. Nxd7 Bxd7 12. c5 e5 13. O-O e4 14. Be2 O-O 15.
Qc2 Qa5 16. b4 Qc7 17. h3 Ne8 18. a4 f5 19. Qb3 Nf6 20. b5 axb5 21. axb5 Rxa1
22. Rxa1 f4 23. b6 Qb8 24. exf4 Qxf4 25. Qe3 Qh4 26. Nf1 Nh5 27. Bxh5 Qxh5 28.
Ra7 Bc8 29. Ra8 Qd1 30. Qd2 Qb1 31. Qe3 h6 32. Qc3 Qd1 33. Ra1 Qe2 34. Qe3 Qb2
35. Rd1 Bf5 36. Qd2 Qa3 37. Ne3 Be6 38. Nc2 Qb3 39. Ra1 Qb2 40. Qc1 Qb5 41. Ne3
Qe2 42. Qe1 Qb2 43. Rd1 Ra8 44. Qd2 Qb3 45. Qc2 Qb4 46. Qe2 Rf8 47. Qd2 Qa4 48.
Qc2 Qb4 49. Qd2 Qa4 1/2-1/2

[Event "London Classic Open 2015"]
[Site "London ENG"]
[Date "2015.12.05"]
[Round "2.56"]
[White "Papp, Petra"]
[Black "Odeh, Kenneth"]
[Result "1/2-1/2"]
[WhiteTitle "WGM"]
[WhiteElo "2336"]
[BlackElo "2000"]
[WhiteFideId "739049"]
[BlackFideId "8500142"]
[EventDate "2015.12.04"]

1. e4 c5 2. Nf3 Nc6 3. Nc3 a6 4. d4 cxd4 5. Nxd4 e5 6. Nf5 d6 7. Ne3 Nf6 8. Ned5
Nxd5 9. Nxd5 Be6 10. c3 Ne7 11. Bc4 Nxd5 12. Bxd5 Qd7 13. O-O Be7 14. Qb3 Bxd5
15. Qxd5 Rc8 16. Qd3 O-O 17. c4 b5 18. cxb5 Qxb5 19. Qxb5 axb5 20. Be3 f5 21.
exf5 Rxf5 22. Rfd1 Rc2 23. Rab1 Rf8 24. Rd3 Rb8 25. Kf1 Kf7 26. Ke1 Ke6 27. Kd1
Rc4 28. b3 Rc6 29. Rd2 Rbc8 30. a4 bxa4 31. bxa4 d5 32. Bb6 Bg5 33. Ra2 d4 34.
a5 d3 35. Be3 Rc2 36. Rba1 Bxe3 37. fxe3 R2c7 38. a6 e4 39. a7 Ra8 40. Ra6+ Kf7
41. R1a2 Ke8 42. R6a4 Re7 43. Kd2 Kd8 44. R2a3 Ke8 45. Rb4 Kf7 46. Rba4 Ke8 47.
Ra1 Kf8 48. Rf1+ Kg8 49. Rfa1 h6 50. g3 Kh7 51. h3 Kg8 52. Rb4 Kh7 53. Raa4
Raxa7 54. Rxe4 Red7 55. Rxa7 Rxa7 56. Kxd3 Kg6 57. Ke2 Kf6 58. Rb4 Ra6 59. Kf3
Rc6 60. g4 Ra6 61. h4 Rc6 62. Ra4 Rb6 63. Ra5 Rc6 64. Rf5+ Ke6 65. Ra5 Kf6 66.
Kf4 Rc4+ 67. Kf3 Rc6 68. e4 g5 69. Rf5+ Kg6 70. h5+ Kg7 71. Kg3 Rc4 72. Kf3 Rc3+
73. Kf2 Rc2+ 74. Ke3 Rc3+ 75. Kd4 Rg3 76. Ra5 Rxg4 77. Ra7+ Kf6 78. Rh7 Rh4 79.
Rxh6+ Kf7 80. Kd5 g4 81. e5 g3 82. Rf6+ Ke7 83. Rg6 Rxh5 84. Rg7+ Kf8 85. Rxg3
Rh6 86. Ra3 Ke7 87. Ra7+ Ke8 88. Ke4 Rg6 89. Kf5 Rc6 90. Ra8+ Ke7 91. Rh8 Ra6
92. Rh7+ Ke8 93. Ke4 Rb6 94. Rh8+ Ke7 95. Kf5 Rc6 96. Ra8 Rb6 97. Ra5 Rc6 98.
Ra7+ Ke8 99. Ke4 Rb6 100. Kd5 Rh6 101. Ra8+ Ke7 102. Ra7+ Ke8 103. Ke4 Rb6 104.
Kd5 Rh6 105. Ra8+ Ke7 106. Ra3 Rg6 107. Rh3 Ra6 108. Ke4 Rb6 109. Rh7+ Ke8 110.
Kf4 Ra6 111. Kg5 Rb6 112. Rh1 Ke7 113. Kf5 Ra6 114. Rb1 Rc6 115. Ra1 Rb6 116.
Ra5 Rc6 117. e6 Rc1 118. Ra7+ Ke8 119. Ra5 Ke7 120. Ra7+ Ke8 121. Rh7 Rf1+ 122.
Ke5 Re1+ 123. Kd6 Rd1+ 124. Kc7 Rc1+ 125. Kb8 Rb1+ 126. Kc8 Rc1+ 127. Rc7 Rxc7+
128. Kxc7 Ke7 1/2-1/2

[Event "London Classic Open 2015"]
[Site "London ENG"]
[Date "2015.12.05"]
[Round "2.57"]
[White "Bukojemski, Adam"]
[Black "Prior, Stephen C V"]
[Result "1-0"]
[WhiteElo "2243"]
[BlackElo "1959"]
[WhiteFideId "1114620"]
[BlackFideId "423378"]
[EventDate "2015.12.04"]

1. e4 e5 2. Nf3 Nc6 3. Bb5 a6 4. Ba4 Nf6 5. d3 b5 6. Bb3 Bc5 7. a4 Rb8 8. axb5
axb5 9. Qe2 d6 10. c3 h6 11. O-O O-O 12. Be3 Bxe3 13. Qxe3 Qe7 14. d4 exd4 15.
cxd4 Re8 16. Nbd2 Nd8 17. Rfe1 Ne6 18. d5 Nc5 19. Bc2 Ng4 20. Qe2 Bd7 21. b4 Na4
22. h3 Ne5 23. Nh2 Nb6 24. f4 Nec4 25. Nxc4 bxc4 26. Qh5 c6 27. dxc6 Bxc6 28.
Ng4 Bd7 29. f5 f6 30. Ra3 Kf8 31. Rd1 Nc8 32. Rg3 Qf7 33. Qh4 h5 34. Ne3 Rxb4
35. Nd5 Rb2 36. Rc3 Ne7 37. Nf4 g5 38. fxg6 Nxg6 39. Qxh5 Nxf4 40. Qh6+ Qg7 41.
Qxf4 Re5 42. Rxd6 Ke7 43. Qd2 Rb7 44. Rf3 Be6 45. Rd8 Bd7 46. Ra8 Qg5 47. Qf2
Rb2 48. Rg3 Qh6 49. Kh2 Rg5 50. Rc3 Rb4 51. Qd2 Qh4 52. Ra7 1-0

[Event "London Classic Open 2015"]
[Site "London ENG"]
[Date "2015.12.05"]
[Round "2.58"]
[White "Disu, Kayode"]
[Black "Kalaiyalahan, Akshaya"]
[Result "1/2-1/2"]
[WhiteElo "1910"]
[BlackElo "2157"]
[WhiteFideId "432849"]
[BlackFideId "422894"]
[EventDate "2015.12.04"]

1. c4 Nf6 2. d4 g6 3. Nf3 Bg7 4. g3 O-O 5. Bg2 d6 6. Nc3 Nc6 7. O-O a6 8. e4 Rb8
9. d5 Na5 10. Qd3 c5 11. Re1 Bg4 12. Nd2 Bd7 13. b3 b5 14. Rb1 Ng4 15. cxb5 axb5
16. Qc2 f5 17. h3 Nh6 18. Bb2 f4 19. gxf4 Rxf4 20. Ne2 Rf7 21. Bxg7 Rxg7 22. f4
Nf7 23. Nf3 g5 24. fxg5 Nxg5 25. Nxg5 Rxg5 26. Qd2 Rg7 27. Kh2 b4 28. Rg1 e5 29.
dxe6 Bxe6 30. Bf3 Qf6 31. Qxd6 Rf8 32. Rxg7+ Kxg7 33. Rg1+ Kh8 34. Rg3 Nb7 35.
Qc7 Qf7 36. Qe5+ Qf6 37. Qc7 Qf7 38. Qe5+ Qf6 39. Qh5 Bf7 40. Qg4 Be6 41. Qh5
Bf7 42. Qg4 1/2-1/2

[Event "London Classic Open 2015"]
[Site "London ENG"]
[Date "2015.12.05"]
[Round "2.59"]
[White "Willmoth, Robert F"]
[Black "Phillips, William"]
[Result "0-1"]
[WhiteTitle "CM"]
[WhiteElo "2150"]
[BlackElo "1901"]
[WhiteFideId "402540"]
[BlackFideId "414344"]
[EventDate "2015.12.04"]

1. c4 Nf6 2. g3 g6 3. Bg2 Bg7 4. Nc3 c5 5. Nf3 Nc6 6. d4 cxd4 7. Nxd4 O-O 8. O-O
Nxd4 9. Qxd4 d6 10. e4 Ng4 11. Qd2 Ne5 12. b3 Bg4 13. f3 Bd7 14. Bb2 Bc6 15. Nd5
Bxd5 16. exd5 Qb6+ 17. Kh1 Nxc4 18. bxc4 Qxb2 19. Qxb2 Bxb2 20. Rab1 Bf6 21.
Rxb7 Rfb8 22. Rfb1 Rxb7 23. Rxb7 Kf8 24. Bh3 Bd4 25. Bd7 a5 26. f4 Ra7 27. Rb8+
Kg7 28. Bc6 a4 29. Rb4 a3 30. Kg2 Ra6 31. Kf3 f5 32. Bb5 Bc5 33. Rb1 Rb6 34. h3
Rb8 35. g4 fxg4+ 36. hxg4 h5 37. g5 Kf7 38. Re1 Rh8 39. Kg3 h4+ 40. Kh3 Bf2 41.
Re2 Bg3 42. Re3 Rc8 43. Kg4 Rh8 44. Re2 Kf8 45. Bd7 Kf7 46. Kf3 Rb8 47. Bb5 Rh8
48. Kg4 Kf8 49. Bd7 Kf7 50. Be6+ Kg7 51. Bd7 Kf7 52. Kf3 Rb8 53. Re3 Rb2 54.
Rxa3 Rf2+ 55. Ke3 Rxf4 56. Be6+ Kg7 57. Ra4 Rf8 58. Ke2 Bf4 59. Ra7 Bxg5 60. a4
Rb8 61. a5 Rb3 62. Bg4 h3 63. Bf3 h2 64. Bg2 Rh3 65. a6 h1=Q 66. Bxh1 Rxh1 67.
Rc7 Rh3 68. a7 Ra3 69. Kd1 Kf6 70. c5 dxc5 71. Rc6+ Ke5 72. Rxc5 Kd6 73. Rc6+
Kxd5 74. Rxg6 Bf6 0-1

[Event "London Classic Open 2015"]
[Site "London ENG"]
[Date "2015.12.05"]
[Round "2.60"]
[White "Cumming, Rhys"]
[Black "Dydak, Mateusz"]
[Result "1-0"]
[WhiteElo "2140"]
[BlackElo "1882"]
[WhiteFideId "470163"]
[BlackFideId "2612305"]
[EventDate "2015.12.04"]

1. e4 e6 2. d4 d5 3. Nd2 dxe4 4. Nxe4 Nd7 5. g3 Ngf6 6. Nxf6+ Nxf6 7. Bg2 c5 8.
Ne2 e5 9. d5 Bd6 10. c4 O-O 11. O-O Bg4 12. h3 Bh5 13. Be3 Nd7 14. Qd2 f5 15. f4
e4 16. Nc3 a6 17. g4 Bg6 18. gxf5 Bxf5 19. Nxe4 Bxe4 20. Bxe4 Qh4 21. Bg2 Rae8
22. Rae1 Nf6 23. Bf2 Qh6 24. Rxe8 Rxe8 25. Re1 Rxe1+ 26. Bxe1 Bxf4 27. Qe2 Be3+
28. Kh1 Qf4 29. d6 Qd4 30. Bc3 Qf4 31. Bxf6 gxf6 32. d7 Qd4 33. Qg4+ 1-0

[Event "London Classic Open 2015"]
[Site "London ENG"]
[Date "2015.12.05"]
[Round "2.61"]
[White "Mohnblatt, Daniel"]
[Black "Vanheirzeele, Daniel"]
[Result "0-1"]
[WhiteElo "1766"]
[BlackElo "2138"]
[WhiteFideId "648582"]
[BlackFideId "200425"]
[EventDate "2015.12.04"]

1. d4 Nf6 2. c4 e6 3. Nc3 Bb4 4. f3 c5 5. d5 O-O 6. e4 d6 7. Ne2 a6 8. Ng3 b5 9.
Be2 bxc4 10. Bxc4 exd5 11. Bxd5 Nxd5 12. Qxd5 Ra7 13. O-O Be6 14. Qg5 f6 15. Qe3
Nc6 16. Bd2 Nd4 17. Rfc1 f5 18. f4 Re7 19. Qd3 c4 20. Qf1 fxe4 21. Ngxe4 d5 22.
Ng5 Bc5 23. Kh1 Bf5 24. Qd1 h6 25. Nf3 Bg4 26. Qf1 Nxf3 27. gxf3 Bf5 28. Re1 Bd3
29. Qh3 Rfe8 30. Rxe7 Rxe7 31. f5 Qd7 32. Qg2 Qxf5 33. Re1 Rxe1+ 34. Bxe1 d4 35.
Nd1 Bb1 36. a3 Qc2 37. Qxc2 Bxc2 38. Nf2 Bf5 39. Kg2 Be6 40. Kf1 Bd6 41. h3 Bf4
42. Ke2 0-1

[Event "London Classic Open 2015"]
[Site "London ENG"]
[Date "2015.12.05"]
[Round "2.62"]
[White "Pattni, Kishan"]
[Black "Moran, Stephen"]
[Result "0-1"]
[WhiteElo "1679"]
[BlackElo "2127"]
[WhiteFideId "420751"]
[BlackFideId "2501872"]
[EventDate "2015.12.04"]

1. d4 Nf6 2. c4 g6 3. Nc3 d5 4. cxd5 Nxd5 5. e4 Nxc3 6. bxc3 Bg7 7. Bc4 c5 8.
Ne2 O-O 9. O-O Nc6 10. Be3 Na5 11. Bd3 b6 12. Qd2 e5 13. dxc5 Be6 14. Rfd1 Nc4
15. Bxc4 Bxc4 16. Ng3 b5 17. a4 a6 18. axb5 axb5 19. Rxa8 Qxa8 20. f3 Qa3 21.
Nh1 h5 22. Nf2 Qb3 23. Ra1 Rc8 24. Nd1 Bf8 25. h4 Be6 26. Nf2 Be7 27. g3 Rd8 28.
Qe1 Qc4 29. Rd1 Rxd1 30. Nxd1 Bxc5 31. Qd2 Be7 32. Nb2 Qa2 33. Kg2 Kg7 34. Nd3
Qxd2+ 35. Bxd2 f6 36. Be3 Bc4 37. Bc5 Bd8 38. Nb4 Kf7 39. Kf2 Ke6 40. f4 exf4
41. gxf4 f5 42. exf5+ Kxf5 43. Kg3 Bf6 44. Nc2 Bxc3 45. Kf3 Ba5 46. Nd4+ Kf6 47.
Nc6 Bd5+ 0-1

[Event "London Classic Open 2015"]
[Site "London ENG"]
[Date "2015.12.05"]
[Round "2.64"]
[White "Wells, Peter K"]
[Black "McKerracher, Douglas"]
[Result "1-0"]
[WhiteTitle "GM"]
[WhiteElo "2442"]
[BlackElo "1972"]
[WhiteFideId "400327"]
[BlackFideId "2401002"]
[EventDate "2015.12.04"]

1. e4 d5 2. exd5 Qxd5 3. Nc3 Qa5 4. d4 Nf6 5. Bc4 Bg4 6. Ne2 c6 7. f3 Bf5 8. Bd2
Qb6 9. g4 Bg6 10. h4 h6 11. Nf4 Bh7 12. Qe2 Na6 13. g5 Nd7 14. Bxf7+ Kxf7 15.
g6+ Ke8 16. gxh7 Nf6 17. O-O-O Nc7 18. Rhe1 g5 19. hxg5 hxg5 20. Ne6 Rxh7 21.
Na4 1-0

[Event "London Classic Open 2015"]
[Site "London ENG"]
[Date "2015.12.05"]
[Round "2.65"]
[White "Taylor, William J"]
[Black "McDonald, Neil"]
[Result "0-1"]
[BlackTitle "GM"]
[WhiteElo "1962"]
[BlackElo "2417"]
[WhiteFideId "423130"]
[BlackFideId "400629"]
[EventDate "2015.12.04"]

1. e4 d5 2. exd5 Qxd5 3. Nc3 Qd6 4. d4 Nf6 5. Nf3 g6 6. Bc4 Bg7 7. Ne5 O-O 8.
Bb3 Nc6 9. Nxc6 bxc6 10. O-O Ng4 11. g3 Bxd4 12. Ne4 Qe5 13. Qf3 Qh5 14. h4 Nxf2
15. Qxh5 Nxe4+ 16. Kg2 gxh5 17. Rf4 Bb7 0-1

[Event "London Classic Open 2015"]
[Site "London ENG"]
[Date "2015.12.05"]
[Round "2.66"]
[White "Lyell, Mark"]
[Black "Shepley, Julien M"]
[Result "1-0"]
[WhiteTitle "FM"]
[WhiteElo "2228"]
[BlackElo "1968"]
[WhiteFideId "402354"]
[BlackFideId "403210"]
[EventDate "2015.12.04"]

1. e4 d6 2. Nc3 Nf6 3. f4 e5 4. Nf3 Nbd7 5. Bc4 Be7 6. O-O c6 7. d3 b5 8. Bb3
Qb6+ 9. Kh1 a5 10. fxe5 Nxe5 11. Nxe5 dxe5 12. a4 O-O 13. Qe1 Be6 14. Bxe6 fxe6
15. Bd2 b4 16. Nd1 Ng4 17. g3 Rxf1+ 18. Qxf1 Rf8 19. Qe2 h5 20. h3 Nf2+ 21. Kg2
Nxd1 22. Rxd1 g6 23. b3 Bc5 24. Rf1 Bd4 25. Rxf8+ Kxf8 26. Bh6+ Ke8 27. g4 Qc7
28. Qf3 Qf7 29. gxh5 gxh5 30. Bg5 Qxf3+ 31. Kxf3 Bb6 32. Bf6 Bc7 33. d4 exd4 34.
Bxd4 Kf7 35. Be3 Kf6 36. h4 e5 37. Ke2 Ke6 38. Bg5 Kd7 39. Kd3 Bd8 40. Bxd8 Kxd8
41. c3 bxc3 42. Kxc3 Kc7 43. b4 Kb6 44. Kc4 1-0

[Event "London Classic Open 2015"]
[Site "London ENG"]
[Date "2015.12.05"]
[Round "2.67"]
[White "Rice, Chris B"]
[Black "Mogilarov, Dimitar"]
[Result "1-0"]
[WhiteElo "1956"]
[BlackElo "2168"]
[WhiteFideId "404446"]
[BlackFideId "2905248"]
[EventDate "2015.12.04"]

1. c4 Nf6 2. g3 c5 3. Bg2 g6 4. Nc3 Bg7 5. Nf3 d5 6. cxd5 Nxd5 7. Nxd5 Qxd5 8.
d3 e5 9. O-O Qd6 10. Be3 Nc6 11. Rc1 Nd4 12. Nxd4 cxd4 13. Bd2 O-O 14. Qb3 Be6
15. Qb4 Qd7 16. Qxb7 Qxb7 17. Bxb7 Rab8 18. Rc7 Bf6 19. Bf3 Rxb2 20. Bh6 Bg7 21.
Bxg7 Kxg7 22. Rxa7 Bxa2 23. Rc1 Rfb8 24. Rc5 Be6 25. Kg2 R8b5 26. Ra5 Rxa5 27.
Rxa5 Kf6 28. h4 h6 29. Ra8 g5 30. hxg5+ hxg5 31. g4 Rb6 32. Rg8 Bb3 33. Rc8 Ke7
34. Rg8 Kf6 35. Rc8 Be6 36. Rc5 Bd7 37. Rc7 Ke6 38. Kg3 Kd6 39. Ra7 f6 40. Ra5
Be6 41. Kg2 Bb3 42. Kg3 Be6 43. Kg2 Bc8 44. Rd5+ Ke7 45. Rc5 Bd7 46. Ra5 Ke6 47.
Kg3 Bb5 48. Ra7 Ba6 49. Rc7 Kd6 50. Rc2 Rb3 51. Rc6+ 1-0

[Event "London Classic Open 2015"]
[Site "London ENG"]
[Date "2015.12.05"]
[Round "2.68"]
[White "Ethelontis, Alexandros N"]
[Black "Harstad, Christian"]
[Result "1-0"]
[WhiteElo "2162"]
[BlackElo "1954"]
[WhiteFideId "405469"]
[BlackFideId "1504045"]
[EventDate "2015.12.04"]

1. c4 Nf6 2. g3 g6 3. Bg2 Bg7 4. Nc3 O-O 5. d3 d6 6. Rb1 a5 7. a3 Nc6 8. b4 axb4
9. axb4 e5 10. Bg5 h6 11. Bd2 Be6 12. Nd5 Bxd5 13. cxd5 Ne7 14. Qb3 c6 15. dxc6
Nxc6 16. e3 Qb6 17. Ne2 Ra7 18. O-O Rfa8 19. Nc3 Ra3 20. Qc4 Ne7 21. b5 d5 22.
Qb4 Bf8 23. d4 Nf5 24. Qb2 e4 25. Ra1 Rxa1 26. Rxa1 Rxa1+ 27. Qxa1 Bb4 28. Bf1
Bxc3 29. Qxc3 Qe6 30. Qc7 b6 31. Bb4 Kg7 32. Qd8 Nd7 33. Bh3 h5 34. Kf1 f6 35.
Qc7 g5 36. Bxf5 Qxf5 37. Qd6 h4 38. Ke1 Kg6 39. Qc6 Kh5 40. Bd6 Kg4 41. Qc2 Kh3
42. Qe2 Qe6 43. Bc7 Qe7 44. Qf1+ Kg4 45. h3+ Kh5 46. Qe2+ Kg6 47. gxh4 Qb4+ 48.
Kf1 f5 49. hxg5 Kxg5 50. Bd8+ Kg6 51. Kg2 Qd6 52. Qc2 Nb8 53. Bc7 1-0

[Event "London Classic Open 2015"]
[Site "London ENG"]
[Date "2015.12.05"]
[Round "2.69"]
[White "Bates, Caspar J"]
[Black "Edwards, Simon R"]
[Result "1-0"]
[WhiteElo "2154"]
[BlackElo "1945"]
[WhiteFideId "414760"]
[BlackFideId "406821"]
[EventDate "2015.12.04"]

1. Nf3 c5 2. c4 Nc6 3. Nc3 g6 4. e3 Bg7 5. d4 cxd4 6. exd4 d6 7. Be2 a6 8. O-O
Nf6 9. d5 Nb8 10. Be3 O-O 11. Nd4 e5 12. dxe6 fxe6 13. Qb3 Nc6 14. Rad1 Qe7 15.
Rd2 Ne5 16. h3 Bd7 17. Rfd1 Rfd8 18. f4 Nf7 19. Bf3 Rab8 20. Qb6 e5 21. Nc2 e4
22. Be2 Bc6 23. Nb4 Rbc8 24. c5 dxc5 25. Nxc6 bxc6 26. Bxc5 Qe8 27. Rxd8 Rxd8
28. Rxd8 Qxd8 29. Qxd8+ Nxd8 30. Bc4+ Kh8 31. Be7 1-0

[Event "London Classic Open 2015"]
[Site "London ENG"]
[Date "2015.12.05"]
[Round "2.70"]
[White "Wright, Jonathan ENG"]
[Black "Giannatos, Peter"]
[Result "0-1"]
[WhiteElo "1923"]
[BlackElo "2149"]
[WhiteFideId "418331"]
[BlackFideId "2041650"]
[EventDate "2015.12.04"]

1. e4 e6 2. d4 d5 3. Nc3 Bb4 4. e5 c5 5. a3 Bxc3+ 6. bxc3 Qc7 7. Nf3 Ne7 8. Be2
Bd7 9. a4 O-O 10. O-O b6 11. a5 Nbc6 12. axb6 axb6 13. Ba3 Ra5 14. Bb2 Rfa8 15.
Rxa5 Rxa5 16. Qd2 Ra2 17. Bc1 Na5 18. Bd3 h6 19. Rd1 Ba4 20. dxc5 bxc5 21. c4
Nxc4 22. Qc3 Qa5 23. Qxa5 Nxa5 24. Bd2 Nac6 0-1

[Event "London Classic Open 2015"]
[Site "London ENG"]
[Date "2015.12.05"]
[Round "2.71"]
[White "Lam, Daniel King-wai"]
[Black "Stokes, Paul C"]
[Result "1-0"]
[WhiteElo "2147"]
[BlackElo "1884"]
[WhiteFideId "6001238"]
[BlackFideId "419010"]
[EventDate "2015.12.04"]

1. e4 c6 2. d4 d5 3. e5 Bf5 4. Ne2 e6 5. Ng3 Bg6 6. h4 h6 7. h5 Bh7 8. Bd3 Bxd3
9. cxd3 Qb6 10. Be3 Qxb2 11. Nd2 Qb6 12. O-O Nd7 13. Rb1 Qc7 14. f4 f5 15. exf6
gxf6 16. Qg4 f5 17. Qg6+ Ke7 18. Rfe1 Ngf6 19. Bf2 Kd6 20. Rxe6+ Kxe6 21. Re1+ 1-0

[Event "London Classic Open 2015"]
[Site "London ENG"]
[Date "2015.12.05"]
[Round "2.72"]
[White "Lochte, Szilvia"]
[Black "Rogiers, Jan"]
[Result "0-1"]
[WhiteElo "1914"]
[BlackElo "2145"]
[WhiteFideId "708410"]
[BlackFideId "205109"]
[EventDate "2015.12.04"]

1. d4 e6 2. Bf4 Nf6 3. Nf3 b6 4. e3 Bb7 5. Bd3 d6 6. Nbd2 Nbd7 7. e4 Be7 8. Qe2
Nh5 9. Be3 c5 10. O-O cxd4 11. Nxd4 Nhf6 12. f3 a6 13. c4 O-O 14. Rac1 Re8 15.
Bf2 Bf8 16. Rfd1 Rc8 17. Nf1 Qc7 18. Qd2 Qb8 19. b3 Ne5 20. Bb1 d5 21. exd5 exd5
22. cxd5 Bxd5 23. Bh4 Nh5 24. Qg5 Nf4 25. Bg3 0-1

[Event "London Classic Open 2015"]
[Site "London ENG"]
[Date "2015.12.05"]
[Round "2.73"]
[White "Myers, Dominique"]
[Black "Rocco, Federico"]
[Result "0-1"]
[WhiteElo "2132"]
[BlackElo "1855"]
[WhiteFideId "2041715"]
[BlackFideId "431362"]
[EventDate "2015.12.04"]

1. e4 c5 2. Nf3 d6 3. d4 cxd4 4. Nxd4 Nf6 5. Nc3 a6 6. h3 e6 7. g4 Be7 8. Bg2
Nc6 9. Be3 Ne5 10. Qe2 Qc7 11. a4 Nc4 12. Bc1 Nd7 13. g5 b6 14. O-O Bb7 15. f4
Qc5 16. Qf2 Rc8 17. Nce2 d5 18. e5 g6 19. b3 Na5 20. Ba3 Qc7 21. Bxe7 Kxe7 22.
f5 gxf5 23. Nxf5+ exf5 24. Qxf5 Qxe5 25. Qxf7+ Kd6 26. Qh5 Rxc2 27. Nf4 Nxb3 28.
Rae1 Qd4+ 29. Kh1 Nbc5 30. Qf7 Rf8 31. Qxh7 Rxf4 32. Qxc2 Qd3 33. Qb2 Rxf1+ 34.
Rxf1 d4 35. Rf6+ Kc7 36. Rh6 Qf1+ 37. Kh2 Qf4+ 38. Kh1 Qxg5 39. Rh7 Qxg2+ 40.
Qxg2 Bxg2+ 41. Kxg2 d3 42. Kf3 Nxa4 43. h4 Kd6 44. h5 Ne5+ 45. Ke3 Nb2 46. h6
Nec4+ 47. Ke4 d2 48. Rh8 Kd7 49. h7 d1=Q 50. Rd8+ Kxd8 51. h8=Q+ Kc7 52. Qh2+
Nd6+ 53. Ke5 Nbc4+ 54. Kf6 Qf3+ 55. Kg5 Qf5+ 56. Kh6 Qe5 57. Qa2 Qh8+ 58. Kg6
Ne5+ 59. Kg5 Qg7+ 60. Kf4 Qf6+ 61. Ke3 Ndc4+ 62. Kd4 Qf3 0-1

[Event "London Classic Open 2015"]
[Site "London ENG"]
[Date "2015.12.05"]
[Round "2.75"]
[White "Jacob, Sydney J"]
[Black "Hebbes, Tim"]
[Result "0-1"]
[WhiteElo "1884"]
[BlackElo "2112"]
[WhiteFideId "419338"]
[BlackFideId "406570"]
[EventDate "2015.12.04"]

1. c4 Nf6 2. g3 e5 3. Bg2 Nc6 4. Nc3 Bb4 5. Nd5 Nxd5 6. cxd5 Ne7 7. a3 Bc5 8. e3
d6 9. Ne2 O-O 10. O-O Bg4 11. b4 Bb6 12. Bb2 Qd7 13. Re1 a5 14. Qc2 axb4 15.
axb4 Rxa1 16. Bxa1 Bxe2 17. Rxe2 Qb5 18. d4 Ra8 19. Re1 Nxd5 20. dxe5 dxe5 21.
Bxe5 Nxe3 22. Qe4 Re8 23. fxe3 Rxe5 24. Qxb7 g6 25. Qa8+ Kg7 26. Qa1 f6 27. Qc3
Qe8 28. Kf2 Qe7 29. g4 Rb5 30. Bc6 Re5 31. Kf3 Qd6 32. h4 h5 33. e4 hxg4+ 34.
Kxg4 Bf2 35. Re2 Qe6+ 36. Kf3 Qh3+ 0-1